Osiedla Wrocławia (z mapą) - Statystyki

Ogólne statystyki
  • Ten quiz został rozwiązany 2 069 razy
  • Średni wynik to 28 z 48
Odpowiedzi na mapie
Odpowiedzi zakodowano w zielono-czerwonej skali na mapie do tego quizu, zgodnie z poniższymi procentami.
 
Statystyki odpowiedzi
Odpowiedź % Poprawnych
Psie Pole-Zawidawie
90%
Krzyki-Partynice
88%
Stare Miasto
87%
Biskupin-Sępolno-Dąbie-Bartoszowice
82%
Leśnica
81%
Gaj
79%
Nadodrze
77%
Jagodno
71%
Karłowice-Różanka
71%
Pilczyce-Kozanów-Popowice Północne
70%
Tarnogaj
70%
Ołbin
69%
Grabiszyn-Grabiszynek
66%
Nowy Dwór
64%
Brochów
63%
Księże
63%
Oporów
63%
Muchobór Wielki
62%
Osobowice-Rędzin
62%
Klecina
61%
Muchobór Mały
60%
Ołtaszyn
57%
Przedmieście Oławskie
57%
Maślice
56%
Szczepin
56%
Swojczyce-Strachocin-Wojnów
55%
Plac Grunwaldzki
54%
Huby
53%
Jerzmanowo-Jarnołtów-Strachowice-Osiniec
53%
Polanowice-Poświętne-Ligota
53%
Żerniki
51%
Borek
49%
Gądów-Popowice Południowe
49%
Kowale
49%
Zacisze-Zalesie-Szczytniki
49%
Powstańców Śląskich (Południe)
47%
Sołtysowice
47%
Wojszyce
47%
Przedmieście Świdnickie
46%
Kleczków
45%
Pracze Odrzańskie
45%
Kuźniki
42%
Pawłowice
39%
Świniary
39%
Lipa Piotrowska
38%
Gajowice
35%
Bieńkowice
34%
Widawa
33%
Nie znaleziono quizów pasujących do podanych kryteriów
Rozkład punktacji
Procent ludzi z każdym wynikiem
Percentyl według liczby udzielonych odpowiedzi
Twoja historia wyników
Nie rozwiązałeś tego quizu